000 00608nam a2200157 a 4500
008 120416s1966 ||||||||||||||||| || u
050 _aNA 6602.A8 Mod
100 _aDuncan, Cyril John
245 1 0 _aModern lecture theatres
_cedited by Cyril John Duncan
260 _aNewcastle upon Tyne
_bOriel P
_c1966
300 _a301, 40p. : ill.
350 _a0.00
650 _aARCHITECTURAL DESIGN--EVALUATION
650 _aLECTURE THEATRES--ARCHITECTURE
995 _D0.00
_FCBU-MAIN LIBRARY (Kitwe)
_H1
_I0.00
_M1
_UAVAILABLE
_ZAnnex Low-Usage Collection
999 _c51475
_d51475